Biblioteca ESET

El que no salta es un holandés (Registro nro. 1268)

Detalles MARC
000 -CABECERA
fixed length control field 00836nam a22002417a 4500
003 - CONTROL NUMBER IDENTIFIER
control field AR-BeUNQ
005 - FECHA Y HORA DE LA ULTIMA TRANSACCION
control field 20251204122515.0
008 - ELEMENTOS DE LONGITUD FIJA-INFORMACION GENERAL
fixed length control field 250506b20232025spa o|||r|||| 001 edspa d
020 ## - NUMERO INTERNACIONAL NORMALIZADO PARA LIBROS
Número Internacional Normalizado del libro 9789871974412
040 ## - FUENTE DE CATALOGACION
Agencia de catalogación original AR-BeUNQ
Idioma de catalogación ESPAÑOL
Agencia que realiza la transcripción AR-BeUNQ
Convenciones de la descripción aacr
082 ## - NUMERO DE CLASIFICACION DECIMAL DEWEYMBER
Número de la edición 21
Número de clasificación A 863 MEN
100 10 - ASIENTO PRINCIPAL-NOMBRE PERSONAL
Nombre personal Méndez, Mario
Títulos u otras palabras asociadas al nombre aut.
Fecha asociada al nombre 1965
245 ## - MENCION DE TITULO
Título El que no salta es un holandés
Mención de responsabilidad, etc Mario Méndez
Medio físico libro.
250 ## - MENCION DE EDICION
Mención de edición 1a.ed
Resto de la mención de edición Edición para la Dirección General de Cultura y Educación
260 ## - PUBLICACION, DISTRIBUCION, ETC.
Lugar de publicación, distribución, etc. Ciudad Autónoma de Buenos Aires :
Nombre del editor, distribuidor, etc. Amauta,
Fecha de publicación, distribución, etc 2023
300 ## - DESCRIPCION FISICA
Extensión 112 p. ;
Dimensiones 21 cm
490 ## - MENCION DE SERIE
Mención de serie Identidades Bonaerenses
500 ## - NOTA GENERAL
Nota general autobiográfico.
650 ## - ASIENTO SECUNDARIO DE MATERIA - TERMINO TEMATICO
Fuente del encabezamiento o términ tell
Término temático o nombre geográfico como elemento de entrada Narrativa
651 ## - ASIENTO SECUNDARIO DE MATERIA - NOMBRE GEOGRAFICO
Fuente del encabezamiento o término unecot
Nombre geográfico Argentina
929 ## - DATOS DE ADQUISICION
Procedencia COMPRA
Proveedor Ministerio de Educación de la Pcia de Buenos Aires.
Orden de compra 0
Precio 0
Fecha de recibido 05/11/2024
Patrimonio UNQ PAT0082617
Número de inventario 62984
942 ## - ELEMENTOS DE PUNTO DE ACCESO ADICIONAL (KOHA)
Tipo de ítem Koha Libros
Existencias
Estado de retiro Estado de pérdida Ubicación permanente Ubicación actual Ubicación en estantería Fecha de ingreso Signatura topográfica completa Inventario Date last seen Tipo de ítem Koha Operador
    Biblioteca ESET - UNQ Biblioteca ESET - UNQ CIRCULACION 06/05/2025 A863 MEN 62984 06/05/2025 Libros Gladys Alarcon

ESET UNQ

☏ 4365-7188
 Avenida República de Francia 1714 entre Doctor Kenny y Concordia, Ezpeleta, Bs As.
✉ secretaria_eset@unq.edu.ar

Con tecnología Koha